| 000 | 00519nam a2200193 i 4500 | ||
|---|---|---|---|
| 001 | bgj | ||
| 100 | 1 | _aMEYERHOFF, Horst. | |
| 245 | 1 | 0 |
_aTonfilm und Wirklichkeit : _bGrundlagen zur Psychologie des Films / _cHorst Meyerhoff. |
| 260 |
_aBerlin : _bVerlag Bruno Henschel und Sohn, _ccop. 1949. |
||
| 300 |
_a96 s. _bil. ; _c22 cm. |
||
| 504 | _aBibliogr. s. 96. | ||
| 650 | 9 | _aSztuka | |
| 040 | _cBPK | ||
| 041 | 0 | _ager | |
| 044 | _aDEU | ||
| 080 | _a7 | ||
| 942 | _cKS | ||
| 008 | s gw f |000 0 ger | ||
| 999 |
_c50690 _d50690 |
||
| 856 |
_uhttp://koha.tu.koszalin.pl/cgi-bin/koha/opac-detail.pl?biblionumber=50690 _yKatalog online BPK |
||